000
00325 a2200109 4500
001
ART_10490
005
20260410161848.0
008
260409a
245
1
0
_a
Sobre la relación salario real-ocupación
100
1
_a
Porto, Alberto
773
0
_t
Económica
_g
- Año XXIII, Nº 1/2 (ene./ago. 1977)
_w
REV7541
999
_c
24781
_d
24781